00442 2200157 4500001002100000008004100021035002000062245008900082260002900171300001500200020001800215084001600233082001000249650001300259990001200272INLIS000000000000502 ind  a0010-0722000051 aSukses Itu…b40 Hal yang tidak dijelaskan untuk meraih kesuksesancWidarko Bangkit aYogyakarta:bSaufac2015 a208c20 cm a9786022557791 a158.1 WID s a158.1 aMotivasi aDI.1443